000 00757cam a22002413a 4500
001 18161
003 PGUSA
005 20140828083403.0
008 060413s2006||||xxu|||||s|||||000 | eng d
040 _aPGUSA
_beng
042 _adc
050 4 _aDA
100 1 _aBurke, Edmund,
_d1729-1797
245 1 4 _aThe Works of the Right Honourable Edmund Burke, Vol. 08 (of 12)
_h[electronic resource] /
_cEdmund Burke
260 _bProject Gutenberg,
_c2006
506 _aPublic domain in the USA.
516 _aElectronic text
653 _aGreat Britain -- Politics and government -- 1760-1820
653 _aPolitical science -- Early works to 1800
830 0 _aProject Gutenberg
_v18161
856 4 0 _uhttp://www.gutenberg.org/ebooks/18161
942 _cEB
999 _c247416
_d247416